Squadre Toscane state in Serie B - Statistics

Statistiche generali
  • Questo quiz è stato fatto 29 volte
  • Il punteggio medio è 10 su 14
Statistiche sulle risposte
Partecipazioni Squadra % Corretto
5 Fiorentina
100%
22 Empoli
96%
27 Livorno
96%
37 Pisa
96%
6 Grosseto
89%
13 Siena
86%
2 Carrarese
82%
10 Prato
82%
19 Lucchese
79%
19 Pistoiese
79%
16 Arezzo
71%
1 Massese
50%
6 Viareggio
32%
3 Piombino
7%
Nessun quiz corrispondente trovato
Distribuzione punteggi
Percentuale di utenti per punteggio
Percentile per numero di risposta
I tuoi punteggi nel tempo
Non hai fatto questo quiz